Algunos resultados preliminares del estudio para definir la imagen - objetivo del desarrollo de Costa Rica para el año 2000
Tallennettuna:
| Yhteisötekijä: | |
|---|---|
| Aineistotyyppi: | Teksti |
| Julkaistu: |
San José :
|
| Tagit: |
Lisää tagi
Ei tageja, Lisää ensimmäinen tagi!
|
MARC
| LEADER | 00000 a a2200000 04500 | ||
|---|---|---|---|
| 001 | 17086 | ||
| 003 | |||
| 040 | |||
| 090 | |a 007600 | ||
| 110 | |a Costa Rica. Oficina de Planificación Nacional y Política Económica | ||
| 245 | |a Algunos resultados preliminares del estudio para definir la imagen - objetivo del desarrollo de Costa Rica para el año 2000 | ||
| 260 | |a San José : | ||
| 300 | |a 12 p. | ||
| 999 | |c 3717 |d 3717 | ||
